কুরআনুল কারীম : (Record no. 10735)
[ view plain ]
| 000 -LEADER | |
|---|---|
| fixed length control field | 00836nam a2200229 a 4500 |
| 001 - CONTROL NUMBER | |
| JCCL Control Number | 10735 |
| 003 - CONTROL NUMBER IDENTIFIER | |
| JCCL marc code | BD-JhCC |
| 005 - DATE AND TIME OF LATEST TRANSACTION | |
| control field | 20180816125750.0 |
| 008 - FIXED-LENGTH DATA ELEMENTS--GENERAL INFORMATION | |
| fixed length control field | 180816s20112001bg |||| |||| 000 0 mul d |
| 035 ## - SYSTEM CONTROL NUMBER | |
| system control number | (BD-JhCC)10735 |
| 040 ## - CATALOGING SOURCE | |
| Original cataloging agency | BD-JhCC |
| Modifying agency | BD-JhCC |
| 041 ## - LANGUAGE CODE | |
| Language code of Book | Arabic and Bangali |
| 082 ## - DEWEY DECIMAL CLASSIFICATION NUMBER | |
| Classification number | 297.122531 |
| Author mark and Year | QUR 2011 |
| 245 ## - TITLE STATEMENT | |
| Title | কুরআনুল কারীম : |
| Remainder of title | বাংলা তাফসীর / |
| Statement of responsibility, etc | অনুবাদক ড: মুহাম্মদ মজীবুর রহমান |
| 250 ## - EDITION STATEMENT | |
| Edition statement | 3rd ed. |
| 260 ## - PUBLICATION, DISTRIBUTION, ETC. (IMPRINT) | |
| Place of publication, distribution, etc | রিয়াদ : |
| Name of publisher, distributor, etc | দারুস সালাম, |
| Date of publication, distribution, etc | ২০১১ |
| 300 ## - PHYSICAL DESCRIPTION | |
| Pagination | ১১১৫ পৃ. : |
| Dimensions | ২২ সেমি. |
| 650 ## - SUBJECT ADDED ENTRY--TOPICAL TERM | |
| Topical term or geographic name as entry element | আল কুরআন |
| 650 ## - SUBJECT ADDED ENTRY--TOPICAL TERM | |
| Topical term or geographic name as entry element | Al Quran |
| 700 ## - ADDED ENTRY--PERSONAL NAME | |
| Personal name | রহমান, ড: মুহাম্মদ মজীবুর |
| 942 ## - ADDED ENTRY ELEMENTS (KOHA) | |
| Source of classification or shelving scheme | Dewey Decimal Classification |
| Koha item type | Reference |
| Source of classification or shelving scheme | Damaged status | Not for loan | Home library | Current library | Shelving location | Date of accession | Cost, normal purchase price | Total Checkouts | Full call number | Barcode | Date last seen | Copy number | Koha item type |
|---|---|---|---|---|---|---|---|---|---|---|---|---|---|
| Dewey Decimal Classification | JCC Rouf Library | JCC Rouf Library | General Stacks | 08/16/2018 | 1560.00 | 297.122531 QUR 2011 | 14522 | 12/18/2022 | C-1 | Reference | |||
| Dewey Decimal Classification | JCC Rouf Library | JCC Rouf Library | General Stacks | 08/16/2018 | 1560.00 | 297.122531 QUR 2011 | 14521 | 08/16/2018 | C-2 | Reference |